000 00376pab a2200145 454500
008 180718b2004 xxu||||| |||| 00| 0 eng d
100 _aZimmers, B.
245 _aPromoting information society
260 _c2004
300 _ap.258-59.
362 _aSep
650 _aInformation society
773 _aInternational Information Communication and Education
909 _a64838
999 _c64838
_d64838